| 000 | 00993nam a2200265Ia 4500 | ||
|---|---|---|---|
| 003 | OSt | ||
| 005 | 20221005104322.0 | ||
| 006 | a|||||r|||| 00| 0 | ||
| 007 | ta | ||
| 008 | 221004b |||||||| |||| 00| 0 hin d | ||
| 020 |
_a9789350481387 (hbk) _c300 |
||
| 024 | _a2163 | ||
| 037 |
_b300, 30/11/2012, Eastern Book Linkers _cTextual |
||
| 040 |
_aCRL _cCRL _bhin |
||
| 041 |
_2hin _ahin |
||
| 082 | _aB9xD476, 152Q2 | ||
| 100 | _aसाहनी, दीनानाथ | ||
| 245 | 0 | _aमहान् खगोलविद् - गणितज्ञ आर्यभट्ट | |
| 246 | _aMahān khagolavid - gaṇitagna āryabhaṭṭa | ||
| 260 |
_aदिल्ली _bप्रभात प्रकाशन भारत _c2012 |
||
| 300 |
_a227पृ0 _ccm. |
||
| 650 | _aग्थ्ण्ज्ञत् | ||
| 942 |
_hB9xD476, 152Q2 _cTEXL _2cc |
||
| 999 |
_c1012352 _d1012352 |
||